|
|
|
|
| LEADER |
00000cas a2200000 a 4500 |
| 001 |
vtls010300003 |
| 003 |
SK-MaSNL |
| 005 |
20260228161717.0 |
| 008 |
110810d19381939xo wr p 0 b0slo |
| 015 |
|
|
|a SNBDS17XX9999
|
| 015 |
|
|
|a 0235
|2 Kipsová 1919-38
|
| 015 |
|
|
|a 0019
|2 Fedor 1939-44
|
| 038 |
|
|
|a SNKBUDS
|
| 040 |
|
|
|a SNK
|b slo
|c SNK
|e AACR2
|
| 041 |
0 |
|
|a slo
|
| 043 |
|
|
|a e-xo---
|
| 044 |
|
|
|a xo
|c SK
|
| 072 |
|
7 |
|a 32
|x Politika
|2 konspekt
|
| 080 |
|
|
|a 329
|2 2011
|
| 080 |
|
|
|a 050
|2 2011
|
| 080 |
|
|
|a [050+070.48]-027.541
|2 2001
|
| 245 |
0 |
0 |
|a Banská Kremnica
|b orgán Národného výboru v Kremnici
|
| 246 |
1 |
3 |
|a Kremnica
|f 1/I 3.12.1938
|
| 260 |
|
|
|a Kremnica
|b Redakčný odbor Národného výboru
|c 1938-1939
|f (Smolnický a Bašťovanský)
|
| 260 |
3 |
|
|3 2/II 1939-1939
|a Kremnica
|b Redakčný odbor HSĽS a HG
|
| 300 |
|
|
|a 2 roč.
|c 41 cm
|
| 310 |
|
|
|a 1x týždenne
|
| 362 |
0 |
|
|a Roč. I, č. 1 (3.12.1938)-roč. II, č. 12 (25.3.1939)
|
| 500 |
|
|
|a Zmena podnázvu: od 2/II (14.1.1939) Orgán HSĽS a HG v Kremnici
|
| 500 |
|
|
|a Vych. v Kremnici každú sobotu vo formáte 41 x 29 cm; od 1/II (1939) 42 x 28 cm
|
| 500 |
|
|
|a Zost. redakčný odbor Národného výboru v Kremnici (1/II); zostav. redakčný odbor HSĽS a HG [od 2/II (14.1.1939)]
|
| 500 |
|
|
|a Za red. a vyd. zodp. Andrej Valent; od 4/II (28.1.1939) Ján Danko
|
| 500 |
|
|
|a Vyd. Redakčný odbor Národného výboru; od 2/II (14.1.1939) redakčný odbor HSĽS a HG
|
| 500 |
|
|
|a Tlač. Smolnický a Bašťovanský
|
| 500 |
|
|
|a Časopis začal vychádzať 3. decembra 1938, prvé číslo pod názvom Kremnica. Vychádzal do 25.3.1939
|
| 500 |
|
|
|a Názov Kremnica malo 1. číslo v r.1938
|
| 580 |
|
|
|a Naväzoval na časopis Horský náš kraj
|
| 610 |
2 |
7 |
|a Hlinkova slovenská ľudová strana
|2 SNKKA
|9 32578
|
| 650 |
0 |
7 |
|a politika
|2 SNKPH
|9 968
|
| 655 |
|
7 |
|a regionálne periodiká
|2 SNKPH
|9 131775
|
| 655 |
|
7 |
|a politické týždenníky
|2 SNKPH
|9 269346
|
| 655 |
|
7 |
|a časopisy politických strán a hnutí
|2 SNKPH
|9 237919
|
| 700 |
1 |
|
|a Valent, Andrej
|4 pbd
|9 269347
|
| 700 |
1 |
|
|a Danko, Ján
|4 pbd
|9 72759
|
| 710 |
2 |
|
|a Smolnický a Bašťovanský (Kremnica)
|4 pbl
|9 269348
|
| 710 |
1 |
|
|a Kremnica
|b Národný výbor
|4 pbl
|9 269349
|
| 710 |
2 |
|
|a Hlinkova slovenská ľudová strana
|4 pbl
|9 32578
|
| 852 |
|
|
|a SNK
|b 10000
|h ČSA 1110
|
| 852 |
|
|
|a SNK
|b 10000
|h MS Bva A 49 f 51
|
| 852 |
|
|
|a UKB
|b 300000
|h SAA 123
|
| 852 |
|
|
|a PANKP
|b 5000000
|h IV 1621
|
| 910 |
|
|
|a snk
|
| 958 |
|
|
|a OND
|
| 999 |
|
|
|c 5947
|d 7877
|
| 952 |
|
|
|0 0
|1 0
|4 0
|7 0
|a SNK
|b SNK
|d 2000-10-04
|l 0
|o snkČSA 1110/1/1938
|p 17A0252989
|r 2005-01-02 00:00:00
|t č. 1-6
|w 2026-02-21
|y PREZ
|
| 952 |
|
|
|0 0
|1 0
|4 0
|7 0
|a SNK
|b SNK
|d 2001-12-11
|l 0
|o snkČSA 1110/2/1939
|p 17A0252993
|r 2005-01-02 00:00:00
|t č. 1-12
|w 2026-02-21
|y PREZ
|